000 00588nam a2200205Ia 4500
003 GCL
008 140319s9999 xx 000 0 ara d
040 _aGCL /
_cGCL
082 0 4 _a001.5
_bم ن
100 1 _aمصطفى المصمودى
245 1 0 _aالنظام الاعلامى الجديد /
_cمصطفى المصمودى
300 _a344 ص
490 _aعالم المعرفة
_v0
650 0 4 _aالاعلان
650 0 4 _aالاتصال
650 0 4 _aالاعلام
650 0 4 _aوسائل الاعلام
650 0 4 _aقياس الرأى العام
942 _2ddc
_cBK
999 _c51546
_d51546